00354nam a22001457a 4500003000500000038001100005082001700016100001800033245002900051260003600080300001300116500001500129880003400144880003000178NUST awaseem a891.421bNIA aNiazi, Muneer aKul Klam /cMuneer Niazi aLahore : bANA Printers,c2002. a208 p. ; aHardcover. 6100-01\raمنیر نیازی 6245-02\raکل کلام /